| 000 | 00444cam a2200169ua 4500 | ||
|---|---|---|---|
| 003 | OSt | ||
| 008 | 250506b |||||||| |||| 00| 0 eng d | ||
| 020 | _a9788123906577 | ||
| 082 |
_a624.17 _bBAS/ST |
||
| 100 |
_aBasavarajaiah, B S . _97472 |
||
| 245 | _aStrength of materials / | ||
| 250 | _a2 / | ||
| 260 |
_aNew Delhi : _bC B S Publishers & Distributers , _c1995. |
||
| 300 | _a643 ; . | ||
| 700 | 1 |
_aMahadevappa, P . _97473 |
|
| 942 | _cBK | ||
| 999 |
_c5551 _d5551 |
||